Los platillos voladores, el proceso de la matria y la energía, la ciencia, la lucha de clases y revolucionaria y el futuro socialista de la humanidad /
Libro que recupera la conferencia que el dirigente trotskista argentino J. Posadas (cuyo verdadero nombre fue Homero Rómulo Cristalli) pronunció en 1967 en la 7a. Escuela de Cuadros de la IV Internacional, institución de formación política marxista. En este discurso propone la teoría de la existenci...
Պահպանված է:
| Հիմնական հեղինակ: | |
|---|---|
| Այլ հեղինակներ: | , |
| Ձևաչափ: | Գիրք |
| Լեզու: | իսպաներեն |
| Հրապարակվել է: |
Barcelona, España :
Libros del Zorro Rojo,
2025, c2025
|
| Խորագրեր: | |
| Ցուցիչներ: |
Չկան պիտակներ, Եղեք առաջինը, ով նշում է այս գրառումը!
|
MARC
| LEADER | 00000nam^a2200000^a^4500 | ||
|---|---|---|---|
| 001 | 000629166 | ||
| 005 | 20260309000000.0 | ||
| 009 | 20260407175342.478 | ||
| 020 | |a 979-13-990401-3-5 | ||
| 037 | |a Acervo ITESO - Biblioteca | ||
| 041 | |a ESP | ||
| 082 | |a 146. 32 |b POS | ||
| 100 | |a Posadas, J. |e (autor) | ||
| 245 | 1 | 0 | |a Los platillos voladores, el proceso de la matria y la energía, la ciencia, la lucha de clases y revolucionaria y el futuro socialista de la humanidad / |c J. Posadas ; il. de M. Torrent ; presen. de L. Cristalli. |
| 264 | 4 | |a Barcelona, España : |b Libros del Zorro Rojo, |c 2025, c2025 | |
| 300 | |a 51 p. | ||
| 336 | |a texto |b txt |2 rdacontenido | ||
| 337 | |a sin mediación |b n |2 rdamedio | ||
| 338 | |a volumen |b nc |2 rdasoporte | ||
| 520 | |a Libro que recupera la conferencia que el dirigente trotskista argentino J. Posadas (cuyo verdadero nombre fue Homero Rómulo Cristalli) pronunció en 1967 en la 7a. Escuela de Cuadros de la IV Internacional, institución de formación política marxista. En este discurso propone la teoría de la existencia de los ovnis y las civilizaciones extraterrestres, así como el desarrollo de la ciencia, el socialismo y una crítica al capitalismo. | ||
| 521 | |a FIL 2025 DIA | ||
| 649 | |a XX | ||
| 650 | |a Ovnis | ||
| 650 | |a Civilizaciones Extraterrestres | ||
| 650 | |a Vida en Otros Planetas - |x Tema Principal | ||
| 650 | |a Trotskismo - |x Tema Principal | ||
| 650 | |a Marxismo | ||
| 650 | |a Política Científica y Tecnológica | ||
| 650 | |a Filosofía del Siglo XX | ||
| 650 | |a Socialismo - |x Tema Principal | ||
| 650 | |a Política - |x Teoría | ||
| 700 | |a Torrent, Marc |e (ilustración) | ||
| 700 | |a Cristalli, León |e (presentación) | ||
| 910 | |a Fondo General | ||
| 920 | |a Impresos - Libros | ||
| 930 | |a Colección General | ||
| 905 | |a 101 | ||
| 901 | |a 629166-10 |b IT1 |c LIT |i C192949 |u 20260309 | ||
| 902 | |a https://opac.biblio.iteso.mx/vufind/Record/000629166 | ||